000 00502nam a2200169Ia 4500
003 GCL
008 140319s9999 xx 000 0 eng d
040 _aGCL /
_cGCL
082 0 4 _a610.7
_bH I
100 1 _aHUTTON, ANDREW R.
245 1 0 _aAN INTRODUCTION TO MEDICAL TERMINOLOGY, ASELF- TEACHING PACKAGE /
_cHUTTON, ANDREW R.
260 _a[S.N] :
_bCHURCHILL LIVINGSTONE ،
_c1993
300 _a232 P
650 0 4 _aTERMINOLOGY - MEDICINE
650 0 4 _aMEDICINE STUDY AND TEACHING
942 _2ddc
_cBK
999 _c20959
_d20959